Countries by Alcohol Consumption - Statistics

General Stats
  • This quiz has been taken 326 times
  • The average score is 9 of 20
Answer Stats
Consumption Country % Correct
15.1 Russia
95%
13.9 Ukraine
72%
17.5 Belarus
68%
15.4 Lithuania
66%
13 Czech Republic
65%
14.4 Romania
65%
16.8 Moldova
58%
13 Slovakia
58%
13.3 Hungary
54%
0.2 Saudi Arabia
51%
0.3 Yemen
44%
0.4 Egypt
39%
0.1 Kuwait
37%
0.1 Pakistan
37%
0.3 Niger
34%
0.1 Libya
31%
0.2 Bangladesh
22%
0.1 Mauritania
21%
13.8 Andorra
15%
0.2 Comoros
11%
No matching quizzes found
Score Distribution
Percent of People with Each Score
Percentile by Number Answered
Your Score History
You have not taken this quiz